Le Grand temple d'Abou Simbel. VI, La chapelle de Re-Horakhty /

محفوظ في:

المؤلفون الرئيسيون: Badawy, I. (Auteur.), Maruejol, Florence. (Auteur.)

مؤلفون آخرون: Cerny, Jaroslav (1898-1970) (Auteur.), Tanbouli, Mohamed Abdel-Latif el- (egyptologue) (Auteur.)

التنسيق: كتاب

اللغة: French

منشور في: Le Caire : Organisation egyptienne des antiquites, 1989.

سلاسل: Collection scientifique (Le Caire) ; 45 B.

الموضوعات:

الوسوم: إضافة وسم

لا توجد وسوم, كن أول من يضع وسما على هذه التسجيلة!

رقم الطلب: DT73.A15 B3 1989 v.6

LEADER 01199cam a2200289Mi 4500
001 on1281194989
003 OCoLC
005 20240111122337.0
008 211029s1989uuuuua afb f b 000 0 fre d
020 |z 97712350033 (br) 
043 |a f-ua--- 
050 4 |a DT73.A15  |b B3 1989 v.6 
100 1 |a Badawy, I.  |e Auteur. 
245 1 3 |a Le Grand temple d'Abou Simbel.  |n VI,  |p La chapelle de Re-Horakhty /  |c I. Badawy, J. Cerny, L. El-Tanbouli... [et al.] ; avec la collaboration de F. Maruejol. 
264 1 |a Le Caire :  |b Organisation egyptienne des antiquites,  |c 1989. 
300 |a 54 pages, I-xxxvI plats :  |b ill., front., carte. ;  |c 28 cm. 
336 |b txt  |2 rdacontent 
337 |b n  |2 rdamedia 
338 |a volume  |b nc  |2 rdacarrier 
490 1 |a Collection scientifique / Centre d'etudes et de documentation sur l'ancienne Egypte ;  |v 6 
504 |a Includes bibliographical references (pages 31-34) and index. 
610 2 0 |a Great Temple (Abu Sunbul, Egypt) 
700 1 |a Cerny, Jaroslav  |d (1898-1970)  |e Auteur. 
700 1 |a Tanbouli, Mohamed Abdel-Latif el-  |c (egyptologue)  |e Auteur. 
700 1 |a Maruejol, Florence.  |4 aut  |e Auteur. 
830 0 |a Collection scientifique (Le Caire) ;  |v 45 B. 
999 |c 55390  |d 55390